| 000 | 00647cam a2200229 4500 | ||
|---|---|---|---|
| 001 | 1243590 | ||
| 005 | 20180129094154.0 | ||
| 008 | 721213m19721973nyu b 001 0 eng | ||
| 010 | _a 72077364 | ||
| 020 | _a0123804019 (v. 1) | ||
| 040 |
_aDLC _cDLC _dDLC |
||
| 041 | _aeng | ||
| 080 | _a541.372 | ||
| 082 | 0 | 0 | _a541.372 JAN |
| 100 | 1 | _a27 | |
| 101 | _aELE | ||
| 245 | 1 | 0 |
_aNonaqueous electrolytes handbook _c[by] G. J. Janz and R. P. T. Tomkins. With contributions by J. Ambrose [and others] |
| 350 | _a$55.00 (v. 1) | ||
| 504 | _aIncludes bibliographies. | ||
| 906 |
_a7 _bcbc _corignew _d2 _eopcn _f19 _gy-gencatlg |
||
| 942 |
_2ddc _cBK |
||
| 999 |
_c41202 _d41202 |
||